元JR・国鉄の鉄道路線 - Statistics

General Stats
  • This quiz has been taken 161 times
  • The average score is 19 of 40
Answer Stats
地方 答え % Correct
北海道 道南いさりび鉄道線
88%
東北 青い森鉄道線
87%
東北 いわて銀河鉄道線
73%
東北 リアス線
62%
甲信越 しなの鉄道線
60%
東北 阿武隈急行線
58%
甲信越 妙高はねうまライン
58%
北陸 日本海ひすいライン
58%
九州 肥薩おれんじ鉄道線
58%
北陸 IRいしかわ鉄道線
58%
東北 フラワー長井線
57%
東北 秋田内陸線
56%
北陸 ハピラインふくい線
56%
甲信越 北しなの線
55%
東北 会津線
51%
関東 いすみ線
51%
東北 鳥海山ろく線
45%
関東 真岡線
45%
東海 愛知環状鉄道線
45%
関東 わたらせ渓谷線
44%
東海 天竜浜名湖線
44%
東海 明知線
44%
東海 越美南線
44%
東海 伊勢線
44%
北陸 あいの風とやま線
43%
東海 樽見線
43%
四国 中村線
43%
近畿 宮津線
40%
中国 若桜線
38%
九州 田川線
38%
近畿 北条線
34%
九州 伊田線
34%
九州 甘木線
34%
中国 錦川清流線
33%
九州 高森線
33%
九州 湯前線
33%
近畿 信楽線
31%
四国 阿佐東線
31%
九州 西九州線
31%
九州 糸田線
27%
No matching quizzes found
Score Distribution
Percent of People with Each Score
Percentile by Number Answered
Your Score History
You have not taken this quiz